Olivia Rodrigo - GUTS - Statistics

General Stats
  • This quiz has been taken 71 times
  • The average score is 12 of 17
Answer Stats
2023 GUTS % Correct
3 vampire
91%
4 lacy
84%
1 all-american bitch
81%
12 teenage dream
79%
2 bad idea right?
77%
13 obsessed
77%
5 ballad of a homeschooled girl
72%
8 get him back!
72%
6 making the bed
70%
15 scared of my guitar
70%
16 stranger
70%
11 pretty isn't pretty
68%
17 so american
68%
7 logical
67%
10 the grudge
65%
14 girl i've always been
61%
9 love is embarrassing
58%
No matching quizzes found
Score Distribution
Percent of People with Each Score
Percentile by Number Answered
Your Score History
You have not taken this quiz